Statystyki dla Kolory tęczy

Kliknij tutaj aby rozwiązać quiz!

Ogólne statystyki

  • Ten quiz został rozwiązany 79 razy
  • Średni wynik to 6 z 7

Statystyki odpowiedzi

HintOdpowiedź% Poprawnych
1.Czerwony
100%
5.Niebieski
100%
2.Żółty
100%
6.Fioletowy
99%
3.Pomarańczowy
99%
4.Zielony
99%
7.Indygo
37%

Rozkład punktacji

Percentyl według liczby udzielonych odpowiedzi

Procent ludzi z każdym wynikiem

Twoja historia wyników

Nie rozwiązałeś tego quizu